[Event "IECC P email"]
[Site "IECC email"]
[Date "1998.05.09"]
[Round "?"]
[White "Sorli, Familien"]
[Black "Denney, Cyril"]
[Result "0-1"]
[WhiteElo "1400"]
[BlackElo "1428"]
[PlyCount "58"]
[EventDate "1998.??.??"]
[EventType "tourn (corr)"]
[EventRounds "6"]
[SourceTitle "Corr 2008"]
[Source "ChessBase"]
[SourceDate "2008.06.24"]
[SourceVersion "1"]
[SourceVersionDate "2008.06.24"]
[SourceQuality "1"]

1. f4 d5 2. e3 Nf6 3. Nc3 c5 4. Nf3 Nc6 5. Qe2 Bf5 6. Qb5 a6 7. Qxc5 e6 8. Qxc6+ bxc6 9. d3 Bb4 10. Bd2 0-0 11. Be2 c5 12. a3 Ba5 13. Ne5 Bc7 14. Bf3 Bxe5 15. fxe5 Nd7 16. e4 dxe4 17. dxe4 Bg6 18. Bf4 Qb8 19. 0-0-0 Qb7 20. h4 h6 21. g4 Rab8 22. b3 a5 23. g5 h5 24. Rhe1 Rfd8 25. Rxd7 Rxd7 26. Na4 Qc6 27. Bd2 c4 28. Kb2 cxb3 29. Bc3 Rd2 0-1